000 00771nam a2200241 i 4500
005 20160115141412.0
008 140304b1999 ck ||||| |||| 00| 0 spa d
040 _aCO-BoIAVH
_cCO-BoIAVH
041 _aspa
044 _ack
082 0 4 _a578.76
_bE19e
245 0 0 _aEcosistemas acuáticos de la Orinoquia colombiana
260 _aBogotá :
_bFundación Omacha,
_c1999.
300 _a48 p.
650 1 4 _aEcosistemas acuáticos
_zColombia
650 2 4 _aConservación de los recursos acuáticos
_zColombia
650 2 4 _aEcología acuática
_zColombia
650 2 4 _aMamíferos acuáticos
650 2 4 _aAves acuáticas
662 _aColombia
700 1 _aDíazgranados, María Claudia,
_eilustradora.
942 _cLIBRO
_2ddc
999 _c2108
_d2108